Nuevos campesinos : campesinos e imperios alimentarios /

Estudio que analiza los procesos de autonomía y progreso de los campesinos en una economía globalizada y su importancia fundamental en las sociedades modernas frente a los nuevos modelos de ordenación dominante que tienden a marginarlos y destruir sus prácticas productivas. El autor ejemplifica sus...

Descrición completa

Gardado en:
Detalles Bibliográficos
Autor Principal: Ploeg, Jan Douwe van der (autor)
Formato: Libro
Idioma:Lingua castelá
Publicado: Barcelona, España : Icaria, 2010, c2010
Series:(Perspectivas Agroecológicas ; 5)
Temas:
Etiquetas: Engadir etiqueta
Sen Etiquetas, Sexa o primeiro en etiquetar este rexistro!

MARC

LEADER 00000nam^a2200000^a^4500
001 000317555
005 20250521000000.0
009 20260310113347.425
020 |a 978-84-9888-206-3 
037 |a Acervo ITESO - Biblioteca 
041 |a ESP 
082 |a 338. 1  |b PLO 
100 |a Ploeg, Jan Douwe van der  |e (autor) 
245 1 0 |a Nuevos campesinos :  |b campesinos e imperios alimentarios /  |c J.D. van der Ploeg. 
264 4 |a Barcelona, España :  |b Icaria,  |c 2010, c2010 
300 |a 429 p. 
336 |a texto  |b txt  |2 rdacontenido 
337 |a sin mediación  |b n  |2 rdamedio 
338 |a volumen  |b nc  |2 rdasoporte 
440 1 |a (Perspectivas Agroecológicas ;  |v 5) 
520 |a Estudio que analiza los procesos de autonomía y progreso de los campesinos en una economía globalizada y su importancia fundamental en las sociedades modernas frente a los nuevos modelos de ordenación dominante que tienden a marginarlos y destruir sus prácticas productivas. El autor ejemplifica sus planteamientos con tres casos: de la comunidad campesina de San Juan Bautista de Catacaos, Perú, del emporio multinacional italiano de alimentos llamado Parmalat y de las cooperativas territoriales de los Países Bajos. 
649 |a XX 
650 |a Campesinos -  |x Condiciones Económicas -  |x Tema Principal 
650 |a Industria Alimenticia 
650 |a Industria Agropecuaria 
650 |a Agricultura -  |x Aspectos Económicos -  |x Tema Principal 
650 |a Agricultura -  |z Perú 
650 |a Agricultura -  |z Europa 
650 |a Política Agraria 
650 |a Desarrollo Rural 
650 |a Desarrollo Sustentable 
650 |a Desarrollo Económico-Social 
650 |a Globalización 
650 |a Agroecología 
650 |a Sociología Rural 
650 |a Economía de la Tierra 
910 |a Fondo General 
920 |a Impresos - Libros 
930 |a Colección General 
905 |a 101 
901 |a 0500204431  |b IT1  |c ACC  |i C130891  |u 20250521 
902 |a https://opac.biblio.iteso.mx/vufind/Record/000317555